000085363 001__ 85363 000085363 005__ 20191118101539.0 000085363 037__ $$aTAZ-TFG-2019-2128 000085363 041__ $$aspa 000085363 1001_ $$aMonge Nadal, José Luis 000085363 24200 $$aInternational Marketing Plan of Sommos in Norway 000085363 24500 $$aPlan de Marketing Internacional de Sommos en Noruega 000085363 260__ $$aZaragoza$$bUniversidad de Zaragoza$$c2018 000085363 506__ $$aby-nc-sa$$bCreative Commons$$c3.0$$uhttp://creativecommons.org/licenses/by-nc-sa/3.0/ 000085363 520__ $$aEste trabajo está basado en las teorías de Marketing Internacional, puestas en práctica bajo el caso de Sommos, una joven bodega aragonesa que ya posee experiencia internacional, exportando a un total de 30 países. A través del análisis interno de la empresa, se han mostrado sus fortalezas y debilidades, y con el análisis del entorno general, las amenazas y oportunidades que ofrece el mercado doméstico. Para la selección de mercados, hemos tomado como referencia tres países en los que Sommos está intentando entrar en la actualidad, y se ha elegido Noruega, por ser el mercado más fiable de los 3. Tras un análisis del entorno general de Noruega, se ha analizado la competencia en el sector vitivinícola noruego. Por último, hemos tenido que ajustar en Plan de Marketing Internacional en el mercado noruego de vino, que está regido por un monopolio estatal, el cuál presenta algunas restricciones, por lo que su implementación debe respetar la legislación del país.<br /> 000085363 521__ $$aGraduado en Marketing e Investigación de Mercados 000085363 540__ $$aDerechos regulados por licencia Creative Commons 000085363 700__ $$aDelso Aranaz, María Dolores$$edir. 000085363 7102_ $$aUniversidad de Zaragoza$$bDirección de Márketing e Investigación de Mercados$$cComercialización e Investigación de Mercados 000085363 8560_ $$f698094@celes.unizar.es 000085363 8564_ $$s1022046$$uhttps://zaguan.unizar.es/record/85363/files/TAZ-TFG-2019-2128.pdf$$yMemoria (spa) 000085363 8564_ $$s331966$$uhttps://zaguan.unizar.es/record/85363/files/TAZ-TFG-2019-2128_ANE.pdf$$yAnexos (spa) 000085363 909CO $$ooai:zaguan.unizar.es:85363$$pdriver$$ptrabajos-fin-grado 000085363 950__ $$a 000085363 951__ $$adeposita:2019-11-18 000085363 980__ $$aTAZ$$bTFG$$cECON 000085363 999__ $$a20190626101526.CREATION_DATE